000 00953nam a22002177a 4500
005 20220207102448.0
008 s2521 th tha d
040 _aNALT
041 _atha
090 _aอศ ส838อ 2521
245 1 0 _aอนุสรณ์งานฌาปนกิจศพ นางสาวสุภาพ ม้าประเสริฐ
260 3 _aกรุงเทพมหานคร :
_bศิริมิตรการพิมพ์,
_c2521
300 _a121 หน้า :
_b ภาพประกอบ ;
_c 26 ซม.
650 0 4 _aการปรุงอาหาร
650 0 4 _aสุภาพ ม้าประเสริฐ -- ชีวประวัติ
650 0 4 _aอาหาร -- ไทย (ภาคตะวันออกเฉียงเหนือ)
850 _aNALT
856 4 0 _uhttps://dl.parliament.go.th/handle/lirt/593054
942 _cCRE
_2lcc
998 _j4612
_k นางสาววัลยา พุ่มต้นวงค์
999 _c23714
_d23714